000 00430nam a2200157 4500
001 111167
003 ES-MaACL
005 20230906185244.0
007 t|
008 061121s1923 ag r ||||1| spa d
100 1 _aOlascoaga, Laurentino.
_986665
245 1 0 _aGeografía económica argentina /
_cLaurentino Olascoaga.
260 _aBuenos Aires :
_b[s.n.],
_c1923.
300 _a462 p. ;
_c28 cm.
852 _aES-MaACL
_jC-2526
999 _c111167
_d111167